[Event "Keres Memorial op"]
[Site "Tallinn"]
[Date "2004.??.??"]
[Round "?"]
[White "Klovans, Janis"]
[Black "Karjakin, Sergei"]
[Result "1-0"]
[WhiteElo "2456"]
[BlackElo "2174"]
[PlyCount "77"]
[EventDate "2004.07.14"]
[EventType "swiss"]
[EventRounds "9"]
[EventCountry "EST"]
[SourceTitle "EXT 2018"]
[Source "ChessBase"]
[SourceDate "2017.10.13"]
[SourceVersion "1"]
[SourceVersionDate "2017.10.13"]
[SourceQuality "1"]

1. e4 c5 2. Nf3 d6 3. d4 cxd4 4. Nxd4 Nf6 5. Nc3 a6 6. Be2 e6 7. O-O Be7 8. f4
O-O 9. Kh1 Qc7 10. a4 Nc6 11. Be3 Re8 12. Nb3 b6 13. Qe1 Bb7 14. Qf2 Nd7 15.
Rad1 Bf6 16. Nd4 Nc5 17. Bf3 Rac8 18. Nde2 Nb4 19. Rd2 Qb8 20. Rfd1 Qa8 21. Ng3
Bxc3 22. bxc3 Na2 23. Bxc5 Rxc5 24. Rxd6 Nxc3 25. Rxb6 Rec8 26. Rd4 Ra5 27.
Rdb4 Bc6 28. Qd4 Nxa4 29. Nh5 Rxh5 30. Bxh5 Nxb6 31. Rxb6 Bxe4 32. Qd7 g6 33.
Bg4 Bxg2+ 34. Kg1 Rd8 35. Qe7 h5 36. Rxe6 Qd5 37. Rxg6+ Kh7 38. Rg5 Qd4+ 39.
Kxg2 1-0

[Event "Keres Memorial op"]
[Site "Tallinn"]
[Date "2004.??.??"]
[Round "?"]
[White "Seeman, Tarvo"]
[Black "Karjakin, Sergei"]
[Result "0-1"]
[WhiteElo "2403"]
[BlackElo "2174"]
[PlyCount "122"]
[EventDate "2004.07.14"]
[EventType "swiss"]
[EventRounds "9"]
[EventCountry "EST"]
[SourceTitle "EXT 2018"]
[Source "ChessBase"]
[SourceDate "2017.10.13"]
[SourceVersion "1"]
[SourceVersionDate "2017.10.13"]
[SourceQuality "1"]

1. c4 e5 2. Nc3 Nf6 3. g3 Nc6 4. Bg2 Bc5 5. e3 d5 6. Nxd5 Nxd5 7. cxd5 Nb4 8.
d3 Nxd5 9. Nf3 Qe7 10. O-O O-O 11. a3 Nb6 12. Qc2 Bd6 13. b3 c6 14. Bb2 Re8 15.
Rfe1 Bf5 16. Nd2 Rad8 17. Ne4 h5 18. h3 Rd7 19. b4 Qd8 20. Rad1 Bf8 21. Rd2
Bxe4 22. Bxe4 Nd5 23. Bg2 a5 24. e4 Nc7 25. bxa5 Nb5 26. a4 Nd4 27. Bxd4 Rxd4
28. Rb1 Bb4 29. Rdd1 Qxa5 30. h4 Ra8 31. Qe2 g6 32. g4 hxg4 33. Qxg4 Qd8 34. h5
Qf6 35. Rdc1 b6 36. hxg6 fxg6 37. Bf3 Rf8 38. Bg2 Kg7 39. Qg3 Bc5 40. Rc2 Rxa4
41. Bh3 Rd4 42. Ra1 Qf4 43. Qxf4 Rxf4 44. Ra7+ Kh6 45. Bf1 Rd6 46. Raa2 Rdf6
47. Bg2 Bd4 48. Kf1 b5 49. f3 b4 50. Ra8 b3 51. Rc1 b2 52. Rb1 Rf8 53. Ra6 R4f6
54. Ke2 Rb8 55. Bh3 Rbf8 56. Bg4 Kg5 57. Ra4 Rh8 58. Rxd4 exd4 59. e5 Rh2+ 60.
Kd1 Rf8 61. e6 Kf6 0-1

[Event "Dortmund-B playoff"]
[Site "Dortmund"]
[Date "2004.07.27"]
[Round "2"]
[White "Karjakin, Sergey"]
[Black "Leko, Peter"]
[Result "0-1"]
[WhiteElo "2591"]
[BlackElo "2741"]
[Annotator "Rogozenco,D"]
[PlyCount "98"]
[EventDate "2004.07.27"]
[EventType "tourn (blitz)"]
[EventRounds "6"]
[EventCountry "GER"]
[EventCategory "18"]
[SourceTitle "CBM 103"]
[Source "ChessBase"]
[SourceDate "2004.11.11"]
[SourceVersion "1"]
[SourceVersionDate "2004.11.11"]
[SourceQuality "1"]

1. e4 c5 2. Nf3 Nc6 3. d4 cxd4 4. Nxd4 Nf6 5. Nc3 e5 6. Ndb5 d6 7. Bg5 a6 8.
Bxf6 gxf6 9. Na3 b5 10. Nd5 f5 11. Bd3 ({No funny business against the
theory-monster:} 11. c3 Bg7 12. Bd3 Be6 13. Nxb5 axb5 14. Bxb5 Bd7 15. exf5 {
is the line Karjakin likes to play from time to time against Sveshnikov
Sicilian.}) 11... Be6 12. O-O Bxd5 13. exd5 Ne7 14. Qh5 (14. Re1 {is nowadays
another fashionable variation to keep the bishop on the diagonal f1-a6.
Several years ago White used to play mainly 14.c4 and 14.c3.}) 14... e4 15. Be2
Bg7 16. c3 {White's plan in this line is to bring as quickly as possible the
knight into play and then start attacking potential weaknesses of Black's pawn
formation (b5, f5, eventually e4). The drawback is that White lacks a good
coordination between pieces.} O-O (16... b4 17. cxb4 Bxb2 18. Rab1 Bxa3 19. Rb3
$14 {1-0 Kuzmin,G-Sveshnikov,E/Yerevan 1982 (42)}) (16... Qc8 17. Rad1 $14) (
16... Rc8 17. Nc2 Rc5 {With White Leko suceeded to prove that bringing the
rook to c5 before castling shouldn't be Black's priority here.} (17... O-O $142
{transposes to the main game.}) 18. Ne3 f4 (18... O-O 19. Nxf5 $16) 19. Nf5 O-O
20. a4 $1 $14 {0-1 Leko,P-Kramnik,V/Linares 2004 (36)}) 17. Nc2 Rc8 {Leko
plays "The Ukrainian Variation" against an Ukrainian simply because nowadays
it represents one of the safest ways for Black to achieve good play in this
line.} (17... f4 {leads to more complicated play and requires good home
preparation. The theory developed very much in this line lately. On the other
hand this conclusion is valid for the entire theory of Sveshnikov Sicilian.}
18. Qg5 (18. f3 $14 {/~~}) 18... f5 (18... Ng6 19. Qxd8 {followed by 20.a4
offers White a slightly better endgame.}) 19. Rfd1 (19. Qxf4 Nxd5) 19... f3 20.
gxf3 $13) (17... Re8 {is a good alternative, leading to reasonable play for
Black.}) (17... Qc8 {Bringing the queen to c5 does not solve entirely all
problems. White keeps a plus after} 18. Rad1 $14) 18. Ne3 (18. Rad1 Qd7 (18...
Rc5 {1/2-1/2 Shirov,A-Grischuk,A/Cap d'Agde 2003 (47)}) 19. Kh1 a5 20. a3 Rc5
21. f3 Nxd5 22. fxe4 Nf6 23. Qh3 fxe4 24. Qxd7 Nxd7 25. Rxd6 Ne5 $11 {
Sadvakasov,D-Moiseenko,A/Kharkov 2003. was about equal.}) (18. f3 b4 $1 $132) (
18. a4 Rc5 $1 19. Ne3 Nxd5 20. Nxd5 Rxd5 21. axb5 axb5 22. Rfd1 $11) 18... f4
19. Nf5 Re8 {Shirov's move.} (19... Ng6 20. f3 e3 21. g3 b4 22. Bxa6 Ra8 23.
Nxg7 Kxg7 24. Bd3 bxc3 25. bxc3 Qf6 {Sadvakasov,D-Eljanov,P/Kharkov 2003 and
Black is better, but of course, White's play can be improved.}) 20. a4 $146 {
This standard continuation is a new try. Same opponents played exactly this
opening line a day before and now Sergey is trying to improve. The problem is
that if White is pushing too hard he risks to end up under attack. After all
Black has his pawns on e4 and f4.} (20. Bg4 Rc4 {A small improvement,
suggested by Shirov.} (20... Rc5 21. Nxe7+ Qxe7 22. Rae1 (22. Bf5 h6 23. Rae1
Qg5 24. Qxg5 hxg5 25. Bxe4 Kf8 {folowed by b4 or a5 and b4 looks completely
drawish.}) 22... Qe5 (22... h6 $142 $11 {Shirov}) 23. Bf5 Qxd5 24. Rxe4 Rxe4
25. Qxh7+ Kf8 26. Bxe4 Qxa2 27. Qh4 Be5 28. g3 Qe6 {and although White is
slightly better, Black held a draw rather easily in Short,N-Shirov,A/Sarajevo
2004.}) 21. Nxe7+ Qxe7 22. Rae1 Qf6 23. Bf5 h6 $11 {1/2-1/2 Karjakin,S-Leko,P/
Dortmund 2004 (38)}) 20... Ng6 {Leko has a very good feeling for such
positions. He proved more than once that control over dark squares means a
potential kingside attack. That would be more than enough compensation for the
slight material disadvantage. On the other hand one must add that this move
was recommended in CBM101, see the game Short-Shirov, Sarajevo 2004.} (20...
Rb8 $6 21. axb5 axb5 22. Ra7 $14 {/+/-}) (20... Rc5 21. axb5 axb5 (21... Nxf5
22. Qxf5 axb5 23. f3 $14) 22. Ra7 Ng6 {is a way to continue without any
material sacrifices.}) ({Black achieves nothing with} 20... Nxf5 21. Qxf5 f3
22. gxf3 Re5 23. Qh3 Rxd5 24. fxe4 Rd2 25. Bg4 Rc5 26. Bf5 $16) 21. axb5 axb5
22. Bxb5 ({Probably critical is} 22. Ra6 {after which Black can choose between
two options, in both cases with very unclear play.} f3 (22... Re5 23. Rxd6 Qf8
24. Rd7 f3 25. Bxb5 fxg2 26. Re1 Rb8 $44) 23. gxf3 (23. Bxb5 fxg2 24. Rd1 Re5
25. Rxd6 $140 Qxd6 26. Nxd6 Rxh5 27. Nxc8 Rg5 $1 28. d6 Nf4 $17) 23... Nf4 24.
Qg4 Nxe2+ 25. Kh1 Qf6 26. Rxd6 Qe5 27. Rd7 h5 28. Qxh5 Qf6 $13) 22... Re5 23.
Qh3 Rb8 $1 24. c4 {Now the bishop is cut off on b5 and cannot protect the
kingside.} Qf6 (24... f3 25. g3) 25. Nxg7 Kxg7 {Black obviously has
compensation for the pawn. The increasing initiative on the kingside is worth
much more than that.} 26. Ra7 Rf8 (26... Rg5 {allows} 27. Qe6 $1) 27. Bd7 (27.
b4 Rg5 28. Qe6 Qd4 $17) 27... Rg5 28. b4 Qd4 {Domination of the dark squares
in action.} 29. c5 (29. Rc7 e3 30. fxe3 fxe3 31. Kh1 e2 $19) 29... dxc5 (29...
e3 30. Ra2 $17) 30. b5 f3 31. g3 e3 $19 32. fxe3 Qxe3+ 33. Kh1 Qe2 34. Rfa1 (
34. Raa1 Rh5 35. Rfe1 Qd2 36. Red1 Qh6 $19) 34... Rxd5 ({After} 34... Rh5 {
White defends with} 35. R7a2 $1) 35. Qf1 Rd2 36. Qg1 (36. Qxe2 fxe2 37. Bg4 Ne5
38. Bh5 Kh6 39. Re7 f6 $19) 36... Ne5 (36... f2 {mates at once:} 37. Qf1 Qf3+
38. Qg2 Rd1+) 37. Bh3 Nd3 38. Rf1 Nf2+ 39. Rxf2 Qxf2 40. Qxf2 Rxf2 41. Kg1 Rb2
42. Bf1 Rd8 43. Ra3 f2+ 44. Kg2 Rd1 45. Rf3 Rdd2 46. Rf4 Rd4 47. Rf3 Rd1 48. b6
Rxb6 49. Kxf2 Rc1 0-1

[Event "Dortmund 7th-8th"]
[Site "Dortmund"]
[Date "2004.07.31"]
[Round "1"]
[White "Karjakin, Sergey"]
[Black "Bologan, Viktor"]
[Result "1/2-1/2"]
[WhiteElo "2591"]
[BlackElo "2663"]
[Annotator "Lukacs,P"]
[PlyCount "135"]
[EventDate "2004.07.29"]
[EventType "k.o."]
[EventRounds "2"]
[EventCountry "GER"]
[SourceTitle "CBM 103"]
[Source "ChessBase"]
[SourceDate "2004.11.11"]
[SourceVersion "1"]
[SourceVersionDate "2004.11.11"]
[SourceQuality "1"]

1. e4 e5 2. Bc4 Nf6 3. d3 Nc6 4. Nc3 Na5 5. Nge2 Be7 (5... c6 {-
Charbonneau-Onischuk, Lindsburg Inv rapid 2003 CBM 99}) 6. O-O O-O 7. a4 (7.
Ng3 d6 8. a4 {Finally forcing Black to take on c4. The P on a4 is also
fighting against blowing up the [+] by b7-b5.} (8. f4 {The position is not
ripe for a tactical skirmish. This only ruins White's P structure, and the
activity of the white pieces is not so dangerous.} exf4 9. Bxf4 c6 10. Kh1 (10.
Bb3 d5 $1 11. Kh1 dxe4 12. Ngxe4 (12. Ncxe4 Nd5 13. Bxd5 cxd5 14. Nc3 Nc6 15.
Qh5 Be6 16. Rae1 Qd7 {Black's ^^ may become very strong in the long run.} 17.
h3 Nb4 18. Re2 d4 19. Nce4 Rac8 20. Rff2 f6 21. a3 Nd5 $15 {Gdanski-Stempin,
Warsaw 1990}) 12... Nxe4 13. Nxe4 Nxb3 14. axb3 Bf5 {^^} 15. Qf3 Bg6 $11 {
Makarichev-Malaniuk, URS Cup rapid 1988}) 10... d5 $1 {This solves all the
problems in the [+] again.} 11. exd5 (11. Bb3 {- 10.Bb3}) 11... cxd5 12. Bb3
Nxb3 13. axb3 d4 14. Nce2 Nd5 15. Qd2 Nb4 16. Ng1 {/\ Nf3 activating the
passive N.} Bg4 17. h3 Be6 18. Nf3 Rc8 19. Rac1 {(Kaidanov-Malaniuk, Lvov,
1988)} Re8 $11) (8. h3 {is too moderate.} c6 9. Bb3 d5 (9... Nxb3 {immediately
is also playable.} 10. axb3 Be6 11. f4 exf4 12. Bxf4 d5 13. Qf3 Qd7 14. Kh2 Kh8
15. Be5 {(Balashov-Rukavina, Hastings, 1985)} Rfe8 $11) 10. Qf3 h6 11. Re1 Nxb3
12. axb3 d4 13. Nce2 {(Hennigs-Smejkal, Sochi 1973)} Re8 14. Nf5 Bf8 $11 {^^})
(8. Qe2 c6 9. a3 {Soon or later White has to provoke Black to take the B.} (9.
a4 $5 Nxc4 10. dxc4) 9... Nxc4 10. dxc4 Re8 11. Rd1 Qc7 12. b3 Bg4 13. f3 Be6
14. Bb2 Rad8 15. Kh1 a6 $1 {/\ b5 is the typical method to attack White's
stronghold on c4.} 16. a4 $5 (16. Rd2 b5 $15 {Nikitin-Klovans, SU-ch 1968})) (
8. a3 {The P has to fight against b7-b5, as it was mentioned before.} Nxc4 9.
dxc4 c6 10. Qd3 Re8 11. Re1 Bf8 12. h3 Be6 13. Be3 g6 14. Rad1 Qc7 $11 {
Bowden-Miles, Lloyds Bank op 1982}) 8... Nxc4 9. dxc4 {Now White has a strong
pressure along the d <->, but Black's ^^ may compensate this.} Be6 (9... c6
$142 {looks more precise.} 10. Qd3 (10. b3 Bg4 11. Qd3 Nd7 12. h3 Nc5 13. Qe3
Be6 14. Ba3 Bg5 15. Qf3 g6 $15 {Knezevic-Hebden, FRA-chT 1997}) 10... Be6 11.
Bg5 (11. b3 {allows the freeing move} d5 $11) 11... Nd7 12. Bxe7 Qxe7 13. Rfd1
Nc5 14. Qxd6 Qxd6 15. Rxd6 Bxc4 16. b3 Be6 17. Rad1 a5 $11 {neutralizing
White's pressure, Mirumian-Hebden, Capella la Grande 1997.}) 10. b3 (10. Qd3
Nd7 {/\ Bg5 activating the passive B.} 11. Be3 Bg5 12. b3 g6 13. Rae1 f6 14.
Kh1 Rf7 15. Nd5 Nc5 16. Qd2 Bxe3 17. Qxe3 Bxd5 18. cxd5 a5 $11 {
Vogt-Lechtynsky, Berlin East 1982}) 10... Nd7 (10... c6 $6 11. Bb2 (11. Ba3 Qc7
(11... d5 $6 {is a premature action in the [+].} 12. Bxe7 Qxe7 13. cxd5 Rad8
14. Nh5 $1 Nxh5 15. Qxh5 cxd5 16. Qxe5 dxe4 17. Rad1 $16 {Vogt-Mikhalchishin,
Baku 1980}) 12. Qf3 (12. Qe2 Rad8 13. Rad1 Rfe8 14. Rd2 d5 15. Bxe7 Rxe7 $11)
12... Rad8 13. Rfe1 Rfe8 14. h3 d5 $1 {If Black can play this without losing
instantly, his position cannot be bad.} 15. exd5 cxd5 16. Nb5 Qb8 17. Bxe7 Rxe7
18. cxd5 Nxd5 19. Nf5 Bxf5 20. Qxf5 a6 21. Na3 Re6 $11 {Larsen-Xie Jun,
Veterans-Women 1994}) 11... Qc7 (11... Qa5 $5 12. Qe2 Rfd8 13. Rad1) 12. Qe2 (
12. Qf3 g6) 12... Rfe8 13. h3 Rad8 14. Rad1 a6 $6 {This is the beginning of a
questionable plan with a P sacrifice by b7-b5.} (14... Bf8 15. Rd2) (14... Nd7
{/\ Nc5, Bg5 was the correct plan regrouping his pieces.} 15. Qf3 (15. Rd2 Bg5
$11) (15. Rd3 Nc5 16. Rdd1 Bg5 $11) (15. Nd5 $6 cxd5 16. cxd5 Bxh3 17. gxh3 Bg5
$13) 15... Nc5 16. Nf5 Bg5 $11) 15. Rd2 {Still} Nd7 {was required as in the
previous move.} (15... b5 $6 {The P sacrifice is very interesting, but not
completely correct.} 16. axb5 axb5 17. cxb5 d5 $1 {This was the point of the
combination.} 18. b6 $1 (18. bxc6 d4 19. Nd1 Qxc6 $44) (18. exd5 cxd5 19. Na4
d4 20. b6 Qb8 $44) 18... Qxb6 {He had to begin with} 19. exd5 $1 (19. Na4 {
This is a mistake in the move order.} Qa5 20. Bxe5 (20. exd5 $6 {Continuing
the wrong plan.} Nxd5 $1 {This is the difference!} 21. Rfd1 (21. Bxe5 Bb4 22.
Rdd1 Bc8 $15) 21... Bg5 $1 {was winning more material.} (21... f6 $15 {
Morozevich-Leko, Dortmund 2001 CBM 85}) 22. Qxe5 f6 23. Bc3 (23. Rxd5 Bxd5 24.
Qc3 Qc7 $17) 23... Qb5 $17) 20... Nxe4 21. Nxe4 dxe4 22. Rxd8 Bxd8 (22... Rxd8
23. Qxe4 $16) 23. Bd4 Qb5 24. Qe3 Bg5 25. Qc3 f6 26. Be3 $14 {with some
pressure on the dark squares.}) 19... cxd5 {and only after that playing} 20.
Na4 $1 (20. Qxe5 Bd6 (20... Qc6 21. Nf5 $1) 21. Qd4 Qb8 22. Nce2 $14) 20... Qc6
21. Bxe5 Nd7 22. Bd4 Bd6 (22... Bg5 23. f4) 23. Qf3 Ne5 24. Qc3 $16) 16. Rfd1
a5 $1 (16... Nf8 $6 17. Qh5 Ng6 18. Nce2 $14 (18. Nf5 Nf4 19. Qg4 Bf6 20. Ba3
$14)) (16... Nc5 $5) 17. Qf3 (17. Ba3 Nc5 18. Qh5 g6) 17... Nc5 18. Nf5 Bxf5
19. Qxf5 h6 $11) 11. Bb2 Kh8 $11) 7... Nxc4 8. dxc4 d6 9. b3 (9. Qd3 c6 10. b3
Ne8 11. Ng3 Be6 12. f4 exf4 13. Bxf4 Bg5 {fighting for >< e5.} 14. Nf5 Bxf4 15.
Rxf4 Bxf5 16. exf5 Nf6 $11 {Mitkov-Watzka, Chalkidiki 2002}) (9. Ng3 {- 7.Ng3})
9... Nh5 (9... Be6 10. Ng3 {- 7.Ng3}) 10. Nd5 (10. f4 Nxf4 11. Nxf4 {1/2:1/2
Dragojlovic-Vorotnikov, Moscow 1990}) 10... Bh4 (10... f5 $142 11. exf5 Bxf5
12. Nec3 Nf6 13. Nxf6+ Bxf6 $13 {and Black's ^^ can be strong in the long run.}
) 11. Nec3 Nf6 12. Nxf6+ Bxf6 13. Be3 (13. Qd3 Bg5 $11) 13... Bg5 {exchanging
the passive B.} 14. Qd2 h6 (14... Bxe3 15. Qxe3 f5 16. f4 c6 17. Rad1 Qe7 $11 {
and Black can hold his [+].}) 15. Bxg5 hxg5 (15... Qxg5 $2 {forgets about his
<<.} 16. Qxg5 hxg5 17. Nb5 $1 $16) 16. Qe3 (16. a5 a6) 16... Be6 17. a5 f6 (
17... a6 18. Rad1 Qe7 19. Nd5 Bxd5 20. cxd5 g6 21. c4 Kg7 $11 {and Black has
enough counterplay on the >> neutralizing White's << pressure.}) 18. c5 $1 {
White now opens up the position for his pieces.} dxc5 19. Qxc5 Rf7 20. Rfd1 Qf8
21. Qe3 $14 Qe8 22. h3 Qc6 (22... g4 23. hxg4 Bxg4 24. Rd3) 23. Rd2 Rd7 24.
Rxd7 Qxd7 25. Rd1 Qc6 26. Rd3 b6 27. Qd2 {White has now a total control over
the only opened d <->.} bxa5 {If White gets back this P, Black's << is in
ruins.} (27... Rf8 28. Nd5 Rf7 29. c4 $14) 28. f3 {/\ Na4} Re8 29. Na4 Re7 30.
Qc3 Qxc3 31. Rxc3 {[%mdl 4096] attacking Black's shattered << pawns.} Rd7 32.
Kf1 (32. Nc5 Rd1+ 33. Kf2 Bf7 34. Na4 Rd7 35. Ke3 $14) 32... Bf7 33. Ke1 {
Now there is no threat of penetration on the d <->.} Be8 34. Rc5 Rd6 35. Rxa5
$6 {Taking the wrong P!} (35. Rxc7 $1 {was the best chance.} Bxa4 36. bxa4 Rd4
37. c4 g6 38. Ke2 Kf8 39. Ke3 Ke8 40. g3 $16 {/\ f4 and White has a virtual P
majority because of the doubled a pawns.}) 35... Bxa4 $1 36. Rxa4 Rc6 37. Kd2
a6 38. c4 Rd6+ $1 39. Kc3 c5 $1 $11 {and Black has an impregnable defensive
wall.} (39... Rc6 {is not so clear.} 40. Rb4 $1 g6 41. Rb8+ Kf7 42. Rh8 Kg7 43.
Rd8 $16) 40. Ra5 Rc6 41. Ra2 Kf7 42. Rd2 Ke7 43. Rd5 Rc8 44. Kb2 Rc6 45. Ka3
Rc8 46. Ka4 Rc7 47. Ka5 Rc6 48. Rd2 Ke8 49. Rd3 Ke7 50. Rd5 Ke8 51. b4 $1 {
Otherwise White cannot come forward.} cxb4 52. Kxb4 Ke7 53. c5 Ke8 54. g3 Ke7
55. h4 gxh4 56. gxh4 g6 57. Rd1 Rc8 58. Rg1 Rh8 59. Rxg6 Rxh4 60. Rg7+ Kd8 61.
Ka5 Rh3 62. Kxa6 (62. Kb6 $6 Rxf3 63. Rg8+ Ke7 64. c6 Rb3+ 65. Kc7 Rb4 $1 $11)
62... Rxf3 63. c6 Kc8 64. Rf7 (64. Kb6 Rb3+ 65. Kc5 Rc3+ 66. Kd6 Rd3+ 67. Ke6
Rc3 68. Kxf6 Rxc6+ 69. Kxe5 Kd8 $11) 64... Rb3 65. Ka5 Rb1 66. Rxf6 Kc7 67. Re6
Rb2 68. Rxe5 1/2-1/2

[Event "Zabala Memorial op"]
[Site "Bilbao"]
[Date "2004.10.12"]
[Round "5"]
[White "Zhang, Pengxiang"]
[Black "Karjakin, Sergey"]
[Result "0-1"]
[WhiteElo "2519"]
[BlackElo "2576"]
[PlyCount "100"]
[EventDate "2004.10.12"]
[EventType "swiss (rapid)"]
[EventRounds "7"]
[EventCountry "ESP"]
[SourceTitle "CBM 102 Extra"]
[Source "ChessBase"]
[SourceDate "2004.11.03"]
[SourceVersion "1"]
[SourceVersionDate "2004.11.03"]
[SourceQuality "1"]

1. e4 c5 2. Nf3 d6 3. d4 cxd4 4. Nxd4 Nf6 5. f3 e5 6. Nb3 a5 7. Nc3 Nc6 8. Be3
Be7 9. Nd5 Nxd5 10. exd5 Nb8 11. Bb5+ Nd7 12. O-O O-O 13. Kh1 b6 14. Nd2 Nc5
15. c3 Bg5 16. Bxg5 Qxg5 17. b4 Na6 18. Bc6 Rb8 19. a3 f5 20. Nc4 Qd8 21. Rb1
Nc7 22. bxa5 Ba6 23. axb6 Bxc4 24. bxc7 Qxc7 25. Rf2 Qa7 26. Kg1 Qxa3 27. Rc1
Qc5 28. Qd2 e4 29. fxe4 fxe4 30. Qd4 Qxd4 31. cxd4 e3 32. Rfc2 Ba6 33. Ra2 Rb6
34. Ra3 e2 35. Rf3 Rxf3 36. gxf3 Rb4 37. Kf2 Rxd4 38. Ke1 Kf7 39. Ra1 Bc4 40.
Ba4 Rxd5 41. Bc2 Rh5 42. Ra7+ Kf6 43. Rc7 d5 44. Rc6+ Ke5 45. Rc7 Rxh2 46. Re7+
Kd4 47. Ba4 Rh1+ 48. Kd2 e1=Q+ 49. Rxe1 Rxe1 50. Kxe1 Ke3 0-1

[Event "FRA-chT Top 16 GpA"]
[Site "Mulhouse"]
[Date "2005.02.05"]
[Round "2"]
[White "Karjakin, Sergey"]
[Black "Milliet, Sophie"]
[Result "1-0"]
[WhiteElo "2599"]
[BlackElo "2309"]
[PlyCount "61"]
[EventDate "2005.02.04"]
[EventType "team"]
[EventRounds "7"]
[EventCountry "FRA"]
[SourceTitle "CBM 106"]
[Source "ChessBase"]
[SourceDate "2005.06.06"]
[SourceVersion "1"]
[SourceVersionDate "2005.06.06"]
[SourceQuality "1"]

1. e4 e5 2. Nf3 Nf6 3. Nxe5 d6 4. Nf3 Nxe4 5. Nc3 Nxc3 6. dxc3 Be7 7. Bf4 O-O
8. Qd2 Nd7 9. O-O-O Nc5 10. Be3 Bf6 11. Nd4 a6 12. Be2 Qe8 13. Kb1 Qa4 14. Bf3
Re8 15. Rhe1 Be6 16. Nxe6 Nxe6 17. Bxb7 Rab8 18. Bd5 c5 19. Bb3 Qa5 20. Qd5
Rec8 21. f4 Qc7 22. Qc4 a5 23. g4 Qb7 24. a4 Rd8 25. f5 d5 26. Rxd5 Rxd5 27.
Qxd5 Qxd5 28. Bxd5 Bxc3 29. fxe6 Bxe1 30. exf7+ Kh8 31. Bf4 1-0

[Event "FRA-chT Top 16 GpA"]
[Site "Mulhouse"]
[Date "2005.02.06"]
[Round "3"]
[White "Motwani, Paul"]
[Black "Karjakin, Sergey"]
[Result "1/2-1/2"]
[WhiteElo "2543"]
[BlackElo "2599"]
[PlyCount "39"]
[EventDate "2005.02.04"]
[EventType "team"]
[EventRounds "7"]
[EventCountry "FRA"]
[SourceTitle "CBM 106"]
[Source "ChessBase"]
[SourceDate "2005.06.06"]
[SourceVersion "1"]
[SourceVersionDate "2005.06.06"]
[SourceQuality "1"]

1. c4 c5 2. Nf3 Nc6 3. Nc3 e5 4. e3 Nf6 5. a3 d6 6. Be2 Be7 7. d4 cxd4 8. exd4
O-O 9. O-O Bg4 10. Be3 Rc8 11. Rc1 a6 12. b4 h6 13. dxe5 dxe5 14. Nd5 e4 15.
Bb6 Qd6 16. Bc5 exf3 17. gxf3 Qe6 18. Nxe7+ Nxe7 19. fxg4 Rfd8 20. Qe1 1/2-1/2

[Event "Moscow Aeroflot op-A"]
[Site "Moscow"]
[Date "2005.02.16"]
[Round "2"]
[White "Karjakin, Sergey"]
[Black "Wojtaszek, Radoslaw"]
[Result "1-0"]
[WhiteElo "2599"]
[BlackElo "2553"]
[PlyCount "87"]
[EventDate "2005.02.15"]
[EventType "swiss"]
[EventRounds "9"]
[EventCountry "RUS"]
[SourceTitle "CBM 106"]
[Source "ChessBase"]
[SourceDate "2005.06.06"]
[SourceVersion "1"]
[SourceVersionDate "2005.06.06"]
[SourceQuality "1"]

1. e4 c5 2. Nf3 d6 3. d4 cxd4 4. Nxd4 Nf6 5. Nc3 a6 6. Be3 e5 7. Nb3 Be6 8. f3
Be7 9. Qd2 O-O 10. O-O-O a5 11. Qe1 Qc7 12. Bb5 Nbd7 13. Qf2 Bc4 14. Bxc4 Qxc4
15. Qf1 Qc6 16. a4 Nb6 17. Bxb6 Qxb6 18. Qb5 Qc7 19. Kb1 Rfc8 20. Rd2 Bf8 21.
Rhd1 Qc6 22. Rd3 Nd7 23. Rd5 Nb6 24. Qxc6 bxc6 25. Rxa5 Nc4 26. Rxa8 Rxa8 27.
Nc1 Rb8 28. b3 f5 29. Rd3 f4 30. Nd1 Kf7 31. Ka2 Na5 32. Rd2 Ke6 33. Nd3 g5 34.
N1b2 d5 35. Re2 d4 36. g3 fxg3 37. hxg3 Kf6 38. Rh2 Rb7 39. Rh1 h6 40. b4 Bxb4
41. Rxh6+ Kg7 42. Re6 Bc3 43. Rxe5 Kg6 44. Rc5 1-0